000 00383 a2200109 4500
001 ART_12046
005 20260410161902.0
008 260409a
245 1 0 _aK-Matrix-Class estimators and the full-information maximum-likelihood estimator as a special case
100 1 _aScharf, Werner
773 0 _tJournal of econometrics
_g- Vol. 4, NÂș 1 (feb. 1976)
_wREV11720
999 _c26052
_d26052